Statistics for Champions League Most Efficient Goalkeeper Per Year

Click here to take the quiz!

General Stats

  • This quiz has been taken 225 times
    (113 since last reset)
  • The average score is 13 of 24

Answer Stats

SeasonGoalkeeperTeamSave%% Correct
2022-23EdersonManchester City90.0
100%
2017-18David de GeaManchester United88.9
94%
2015-16Keylor NavasReal Madrid90.9
85%
2020-21Edouard MendyChelsea90.9
80%
2004-05Gianluigi BuffonJuventus90.6
80%
2016-17Kasper SchmeichelLeicester City90.3
80%
2001-02Iker CasillasReal Madrid82.9
79%
2013-14Víctor ValdésFC Barcelona83.3
79%
2007-08Edwin van der SarManchester United90.2
77%
2002-03DidaAC Milan88.6
74%
2006-07Pepe ReinaLiverpool82.9
66%
2005-06Jens LehmannArsenal100
60%
2011-12Steve MandandaMarseille84.8
57%
2019-20Alex MeretSSC Napoli88.2
55%
2000-01Santiago CañizaresValencia80.5
38%
2010-11Christian AbbiatiAC Milan87.5
33%
2014-15Ángel MoyáAtlético Madrid94.1
29%
2003-04Carlo CudiciniChelsea83.9
26%
2018-19NetoValencia90.5
18%
2009-10Cédric CarrassoBordeaux85.3
15%
2012-13HeltonPorto77.8
14%
2021-22Ivo GrbićLille86.7
12%
2008-09Michael RensingBayern Munich90.5
11%
1999-00Luca MarchegianiLazio81.3
7%

Score Distribution

Percentile by Number Answered

Percent of People with Each Score

Your Score History

You have not taken this quiz since the last reset